Five Biggest Cities by Country (PART 1) - Statistics

General Stats
  • This quiz has been taken 41 times
    33 since last reset
  • The average score is 166 of 498
Answer Stats
Country Population City % Correct
Afghanistan 3,043,532 Kabul
97%
Albania 374,801 Tirana
86%
Algeria 1,977,663 Algiers
83%
Bangladesh 10,356,500 Dhaka
83%
Brazil 6,023,699 Rio de Janeiro
83%
Bulgaria 1,152,556 Sofia
83%
Armenia 1,093,485 Yerevan
83%
Azerbaijan 1,116,513 Baku
79%
China 11,716,620 Beijing
79%
Germany 3,426,354 Berlin
79%
Australia 2,189,878 Brisbane
79%
Belgium 1,019,022 Brussels
79%
Argentina 13,076,300 Buenos Aires
79%
Finland 558,457 Helsinki
79%
Angola 2,776,168 Luanda
79%
Australia 4,246,375 Melbourne
79%
Belarus 1,742,124 Minsk
79%
Canada 1,600,000 Montreal
79%
Germany 1,260,391 Munich
79%
Bahamas 227,940 Nassau
79%
France 2,138,551 Paris
79%
Brazil 10,021,295 Sao Paulo
79%
Australia 4,627,345 Sydney
79%
Canada 2,600,000 Toronto
79%
Ghana 1,963,264 Accra
76%
Ethiopia 2,757,729 Addis Ababa
76%
Andorra 20,430 Andorra la Vella
76%
Kazakhstan 345,604 Astana
76%
Greece 664,046 Athens
76%
Iraq 7,216,000 Baghdad
76%
Lebanon 1,916,100 Beirut
76%
Egypt 7,734,614 Cairo
76%
Denmark 1,153,615 Copenhagen
76%
Guatemala 994,938 Guatemala City
76%
Germany 1,739,117 Hamburg
76%
Bolivia 812,799 La Paz
76%
Luxembourg 76,684 Luxembourg
76%
France 472,317 Lyon
76%
France 794,811 Marseille
76%
Mexico 12,294,193 Mexico City
76%
Italy 1,236,837 Milan
76%
Monaco 32,965 Monaco
76%
Cyprus 200,452 Nicosia
76%
Japan 2,592,413 Osaka
76%
Australia 1,896,548 Perth
76%
Haiti 1,234,742 Port-au-Prince
76%
Ecuador 1,399,814 Quito
76%
Morocco 1,655,753 Rabat
76%
Latvia 742,572 Riga
76%
Italy 2,318,895 Rome
76%
Chile 4,837,295 Santiago
76%
Cuba 555,865 Santiago de Cuba
76%
Dominican Republic 1,200,000 Santiago de los Caballeros
76%
China 22,315,474 Shanghai
76%
Estonia 394,024 Tallinn
76%
Japan 8,336,599 Tokyo
76%
Mongolia 844,818 Ulaanbaatar
76%
Austria 1,691,468 Vienna
76%
Jordan 1,275,857 Amman
72%
Belgium 459,805 Antwerp
72%
Colombia 7,674,366 Bogota
72%
Hungary 1,741,041 Budapest
72%
Morocco 3,144,909 Casablanca
72%
Ireland 190,384 Cork
72%
India 10,927,986 Delhi
72%
Djibouti 623,891 Djibouti
72%
Ireland 1,024,027 Dublin
72%
Indonesia 8,540,121 Jakarta
72%
Jamaica 937,700 Kingston
72%
DR Congo 7,785,965 Kinshasa
72%
Malaysia 1,453,975 Kuala Lumpur
72%
Bahrain 147,074 Manama
72%
Colombia 1,999,979 Medellín
72%
Italy 959,470 Naples
72%
Chad 721,081 N'Djamena
72%
Cambodia 1,573,544 Phnom Penh
72%
Czech Republic 1,165,581 Prague
72%
Iceland 118,918 Reykjavik
72%
El Salvador 525,990 San Salvador
72%
Bosnia and Herzegovina 696,731 Sarajevo
72%
Georgia 1,049,498 Tbilisi
72%
Iran 7,153,309 Tehran
72%
Croatia 698,966 Zagreb
72%
Australia 1,225,235 Adelaide
69%
Egypt 3,811,516 Alexandria
69%
Madagascar 1,391,433 Antananarivo
69%
Mali 1,297,281 Bamako
69%
Kyrgyzstan 900,000 Bishkek
69%
Canada 1,019,942 Calgary
69%
Moldova 635,994 Chisinau
69%
Germany 963,395 Cologne
69%
Canada 712,391 Edmonton
69%
Morocco 964,891 Fez
69%
Germany 650,000 Frankfurt
69%
Guyana 235,017 Georgetown
69%
Mexico 1,495,182 Guadalajara
69%
China 11,071,424 Guangzhou
69%
Gabon 578,156 Libreville
69%
India 12,691,836 Mumbai
69%
Kenya 2,750,547 Nairobi
69%
Canada 812,129 Ottawa
69%
Montenegro 136,473 Podgorica
69%
Cape Verde 113,364 Praia
69%
Kosovo 161,751 Pristina
69%
Costa Rica 335,007 San Jose
69%
Greece 354,290 Thessaloniki
69%
Bhutan 98,676 Thimphu
69%
France 433,055 Toulouse
69%
Lebanon 229,398 Tripoli
69%
Libya 1,150,989 Tripoli
69%
Italy 870,456 Turin
69%
Eritrea 563,930 Asmara
66%
Central African Republic 542,393 Bangui
66%
Guinea Bissau 388,028 Bissau
66%
Argentina 1,428,214 Cordoba
66%
Botswana 208,411 Gaborone
66%
Belgium 231,493 Ghent
66%
Cuba 2,163,824 Havana
66%
India 4,631,392 Kolkata
66%
Belgium 182,597 Liege
66%
Mozambique 1,191,613 Maputo
66%
Morocco 839,296 Marrakesh
66%
Liberia 939,524 Monrovia
66%
France 338,620 Nice
66%
Algeria 645,984 Oran
66%
Burkina Faso 1,086,505 Ouagadougou
66%
Italy 648,260 Palermo
66%
Bolivia 224,838 Sucre
66%
Fiji 77,366 Suva
66%
Honduras 850,848 Tegucigalpa
66%
Laos 196,731 Vientiane
66%
Lithuania 542,366 Vilnius
66%
Cameroon 1,299,369 Yaounde
66%
Denmark 237,551 Aarhus
62%
Ivory Coast 3,677,115 Abidjan
62%
Kazakhstan 2,000,900 Almaty
62%
India 5,104,047 Bangalore
62%
Gambia 34,589 Banjul
62%
Brazil 2,373,224 Belo Horizonte
62%
Guinea 1,767,200 Conakry
62%
East Timor 150,000 Dili
62%
Malawi 646,750 Lilongwe
62%
Austria 204,846 Linz
62%
Japan 2,191,279 Nagoya
62%
Benin 234,168 Porto-Novo
62%
Argentina 1,173,533 Rosario
62%
Dominican Republic 2,201,941 Santo Domingo
62%
Ecuador 200,421 Santo Domingo de los Colorados
62%
Dominican Republic 700,000 Santo Domingo Este
62%
Dominican Republic 701,269 Santo Domingo Oeste
62%
Croatia 176,314 Split
62%
Israel 432,892 Tel Aviv
62%
Denmark 122,219 Aalborg
59%
Brunei 64,409 Bandar Seri Begawan
59%
Belize 61,461 Belize City
59%
India 4,328,063 Chennai
59%
Bangladesh 3,920,222 Chittagong
59%
Israel 801,000 Jerusalem
59%
Equatorial Guinea 155,963 Malabo
59%
Maldives 103,693 Male
59%
Mauritania 661,400 Nouakchott
59%
Bolivia 1,364,389 Santa Cruz
59%
Japan 1,883,027 Sapporo
59%
China 10,358,381 Shenzhen
59%
Bulgaria 312,770 Varna
59%
Israel 400,000 West Jerusalem
59%
Czech Republic 369,559 Brno
55%
Colombia 2,392,877 Calí
55%
Burundi 23,167 Gitega
55%
Austria 222,326 Graz
55%
Ecuador 1,952,029 Guayaquil
55%
Lesotho 118,355 Maseru
55%
Comoros 42,872 Moroni
55%
Mauritius 155,226 Port Louis
55%
Antigua and Barbuda 24,226 Saint John's
55%
Indonesia 2,374,658 Surabaya
55%
China 11,090,314 Tianjin
55%
Benin 780,000 Cotonou
52%
Albania 122,034 Durres
52%
Ireland 90,054 Limerick
52%
Mexico 1,434,062 Puebla
52%
Iraq 2,065,597 Al Mawsil al Jadidah (Mosul)
48%
Libya 650,629 Benghazi
48%
Bulgaria 195,966 Burgas
48%
Cameroon 1,338,082 Douala
48%
Brazil 2,400,000 Fortaleza
48%
Iran 1,547,164 Isfahan
48%
Lithuania 374,643 Kaunas
48%
DR Congo 1,373,770 Lubumbashi
48%
Eswatini 76,218 Mbabane
48%
Indonesia 1,750,971 Medan
48%
Argentina 876,884 Mendoza
48%
Kenya 799,668 Mombasa
48%
Iraq 1,739,800 Mosul
48%
Denmark 145,931 Odense
48%
Bulgaria 340,494 Plovdiv
48%
Brazil 2,711,840 Salvador
48%
Egypt 488,125 Suez
48%
Finland 202,687 Tampere
48%
Finland 175,945 Turku
48%
Japan 3,574,443 Yokohama
48%
Indonesia 1,699,719 Bandung
45%
Barbados 98,511 Bridgetown
45%
Hungary 204,124 Debrecen
45%
Finland 256,760 Espoo
45%
Ireland 70,686 Galway
45%
Marshall Islands 25,400 Majuro
45%
Greece 168,034 Patra
45%
Bosnia and Herzegovina 221,106 Banja Luka
41%
Georgia 121,806 Batumi
41%
Belgium 200,132 Charleroi
41%
Bolivia 900,414 Cochabamba
41%
Egypt 2,443,203 Giza
41%
Belarus 480,951 Gomel
41%
Ghana 1,468,609 Kumasi
41%
Cyprus 154,000 Limassol
41%
Iran 2,307,177 Mashhad
41%
Egypt 538,378 Port Said
41%
Moldova 157,000 Tiraspol
41%
Burundi 331,700 Bujumbura
38%
Afghanistan 391,190 Kandahar
38%
Kiribati 40,311 South Tarawa
38%
Chile 282,448 Valparaiso
38%
Malta 21,676 Birkirkara
34%
Israel 267,300 Haifa
34%
Afghanistan 272,806 Herat
34%
Hungary 156,649 Pecs
34%
Cambodia 139,458 Siem Reap
34%
Iran 1,424,641 Tabriz
34%
Estonia 101,092 Tartu
34%
Belarus 342,700 Vitebsk
34%
Iraq 2,015,483 Al Basrah al Qadimah (Basrah)
31%
Iraq 2,600,000 Basrah
31%
Colombia 952,024 Cartagena
31%
Latvia 111,564 Daugavpils
31%
Jamaica 82,867 Montego Bay
31%
Bosnia and Herzegovina 104,518 Mostar
31%
Kyrgyzstan 200,000 Osh
31%
Czech Republic 313,088 Ostrava
31%
Greece 163,688 Piraeus
31%
Ivory Coast 196,751 San-Pedro
31%
Dominican Republic 217,899 San Pedro de Macoris
31%
Kazakhstan 414,032 Shymkent
31%
Afghanistan 200,331 Jalalabad
28%
Kyrgyzstan 75,700 Jalal-Abad
28%
Malaysia 802,489 Johor Bahru
28%
Lithuania 192,307 Klaipeda
28%
Estonia 44,192 Pärnu
28%
Croatia 141,172 Rijeka
28%
Guatemala 136,886 San Juan Sacatepequez
28%
Honduras 489,466 San Pedro Sula
28%
Lebanon 135,204 Tyre
28%
Finland 190,058 Vantaa
28%
Colombia 1,380,425 Barranquila
24%
Malawi 584,877 Blantyre
24%
Luxembourg 28,228 Esch-sur-Alzette
24%
Bahamas 26,910 Freeport
24%
Cyprus 72,000 Larnaca
24%
Czech Republic 101,268 Olomouc
24%
Czech Republic 164,180 Pilsen
24%
Chile 309,832 Antofagasta
21%
Indonesia 1,520,119 Bekasi
21%
Belarus 317,365 Hrodna
21%
Iran 1,448,075 Karaj
21%
Greece 144,651 Larisa
21%
Hungary 172,637 Miskolc
21%
Estonia 66,980 Narva
21%
Cyprus 35,961 Paphos
21%
El Salvador 161,880 San Miguel
21%
Argentina 781,023 San Miguel de Tucuman
21%
Lithuania 130,587 Siauliai
21%
Jamaica 145,018 Spanish Town
21%
Hungary 164,883 Szeged
21%
Croatia 71,258 Zadar
21%
Algeria 450,097 Constantine
17%
Mongolia 74,300 Darkhan
17%
Mongolia 79,647 Erdenet
17%
Malaysia 879,867 Klang
17%
Afghanistan 303,282 Mazar-i-Sharif
17%
Kosovo 94,517 Prizren
17%
Bulgaria 156,238 Ruse
17%
Morocco 903,485 Salé
17%
Bosnia and Herzegovina 142,486 Tuzla
17%
Albania 89,546 Vlore
17%
Cyprus 42,526 Famagusta
14%
Armenia 148,381 Gyumri
14%
Mongolia 30,500 Khovd
14%
DR Congo 539,158 Kisangani
14%
Latvia 85,132 Liepaja
14%
Botswana 49,945 Maun
14%
Fiji 42,284 Nadi
14%
Mongolia 28,400 Ölgii
14%
Croatia 88,140 Osijek
14%
Jamaica 102,861 Portmore
14%
Albania 88,245 Shkoder
14%
Jordan 792,665 Zarqa
14%
Moldova 125,000 Balti
10%
Mozambique 530,604 Beira
10%
Ethiopia 252,279 Dire Dawa
10%
Albania 100,903 Elbasan
10%
Botswana 89,979 Francistown
10%
Cuba 272,801 Guantanamo
10%
Cuba 319,102 Holguin
10%
Iceland 31,719 Kopavogur
10%
Jamaica 583,958 New Kingston
10%
Montenegro 58,212 Niksic
10%
Chile 294,551 Vina del Mar
10%
Gambia 43,098 Bakau
7%
Angola 151,226 Benguela
7%
Central African Republic 129,655 Bimbo
7%
Cuba 347,562 Camaguey
7%
Haiti 442,156 Carrefour
7%
Ecuador 276,964 Cuenca
7%
Mexico 1,655,015 Ecatepec de Morelos
7%
Azerbaijan 313,300 Ganja
7%
Latvia 61,791 Jelgava
7%
Kazakhstan 451,800 Karaganda
7%
Bangladesh 1,342,339 Khulna
7%
Kenya 216,479 Kisumu
7%
Georgia 178,338 Kutaisi
7%
Costa Rica 45,380 Liberia
7%
Laos 88,332 Pakse
7%
Lithuania 117,395 Panevezys
7%
Gabon 109,163 Port-Gentil
7%
Lebanon 163,554 Sidon
7%
Ghana 360,579 Tamale
7%
Kazakhstan 358,153 Taraz
7%
Guatemala 406,830 Villa Nueva
7%
Bosnia and Herzegovina 164,423 Zenica
7%
Kuwait 637,411 Al Ahmadi
3%
Madagascar 186,253 Antsirabe
3%
Equatorial Guinea 173,046 Bata
3%
Cambodia 150,444 Battambang
3%
Gambia 77,700 Brikama
3%
Kenya 218,446 Eldoret
3%
Gabon 42,967 Franceville
3%
Cameroon 436,899 Garoua
3%
Angola 226,145 Huambo
3%
Jordan 307,480 Irbid
3%
Latvia 54,088 Jurmala
3%
Guinea 114,009 Kankan
3%
Kyrgyzstan 70,171 Karakol
3%
Eritrea 74,800 Keren
3%
Burkina Faso 87,347 Koudougou
3%
Brunei 31,178 Kuala Belait
3%
Fiji 52,500 Lautoka
3%
Costa Rica 63,081 Limon
3%
Guyana 44,690 Linden
3%
Angola 207,932 Lobito
3%
Laos 47,378 Luang Prabang
3%
Belarus 369,200 Mahilyow
3%
Eswatini 110,537 Manzini
3%
Mozambique 675,422 Matola
3%
Ethiopia 215,546 Mek'ele
3%
Cape Verde 70,611 Mindelo
3%
Libya 386,120 Misratah
3%
Kosovo 46,132 Mitrovica
3%
Botswana 63,248 Molepolole
3%
Mali 108,456 Mopti
3%
Chad 135,167 Moundou
3%
Malawi 175,345 Mzuzu
3%
Kenya 259,903 Nakuru
3%
Mauritania 60,000 Nema
3%
Mauritania 72,337 Nouadhibou
3%
Guinea 132,728 Nzerekore
3%
Bolivia 208,684 Oruro
3%
Chile 510,417 Puente Alto
3%
Mauritius 80,961 Quatre Bornes
3%
Mauritania 48,922 Rosso
3%
Costa Rica 55,923 San Francisco
3%
Chad 102,528 Sarh
3%
Laos 66,553 Savannakhet
3%
Mali 92,552 Segou
3%
Gambia 340,000 Serekunda
3%
Azerbaijan 265,150 Sumqayit
3%
Ghana 232,919 Takoradi
3%
Malawi 80,932 Zomba
3%
Chad 74,188 Abeche
0%
Ivory Coast 900,000 Abobo
0%
Benin 385,755 Abomey-Calavi
0%
Costa Rica 47,494 Alajuela
0%
Kuwait 86,525 Al Farwaniyah
0%
Djibouti 40,074 'Ali Sabieh
0%
Libya 201,943 Al Khums
0%
Bahrain 97,458 Al Muharraq
0%
Bahrain 79,550 Ar Rifa
0%
Israel 224,656 Ashdod
0%
Eritrea 21,300 Assab
0%
Kuwait 147,649 As Salimiyah
0%
Ghana 202,932 Atsiaman
0%
Guinea Bissau 22,521 Bafata
0%
Ethiopia 168,899 Bahir Dar
0%
Cameroon 393,835 Bamenda
0%
Burkina Faso 60,288 Banfora
0%
Mauritius 111,355 Beau Bassin-Rose Hill
0%
Moldova 110,175 Bender
0%
Liberia 33,188 Bensonville
0%
Central African Republic 61,815 Berberati
0%
Burkina Faso 360,106 Bobo-Dioulasso
0%
Ivory Coast 567,481 Bouake
0%
Algeria 786,499 Boumerdas
0%
Guinea 1,871,242 Camayenne
0%
Mozambique 256,936 Chimoio
0%
Honduras 139,100 Choloma
0%
Bangladesh 389,411 Comilla
0%
Mauritius 84,200 Curepipe
0%
Ivory Coast 215,652 Daloa
0%
Djibouti 40,074 Danan
0%
Bahrain 65,466 Dar Kulayb
0%
Haiti 382,920 Delmas 73
0%
Benin 237,040 Djougou
0%
Austria 187,007 Donaustadt
0%
Ireland 185,400 Dún Laoghaire
0%
Equatorial Guinea 24,831 Ebebiyin
0%
Honduras 100,810 El Progreso
0%
Gambia 29,867 Farafenni
0%
Austria 201,882 Favoriten
0%
Madagascar 167,227 Fianarantsoa
0%
Denmark 95,029 Frederiksberg
0%
Liberia 45,835 Gbarnga
0%
Kosovo 54,239 Gjilan
0%
Iceland 26,808 Hafnarfjoerdur
0%
Liberia 32,661 Harper
0%
Kuwait 164,212 Hawalli
0%
Armenia 40,795 Hrazdan
0%
Mexico 1,815,786 Iztapalapa
0%
Mauritania 55,374 Kaedi
0%
Central African Republic 56,520 Kaga Bandoro
0%
Liberia 33,945 Kakata
0%
Malaysia 833,571 Kampung Baru Subang
0%
Malawi 42,555 Kasungu
0%
Chad 42,533 Kelo
0%
Guinea 117,062 Kindia
0%
Estonia 46,060 Kohtla-Järve
0%
Malaysia 1,459,994 Kota Bharu
0%
Cameroon 435,547 Kousseri
0%
Mali 99,353 Koutiala
0%
Fiji 27,949 Labasa
0%
Honduras 130,218 La Ceiba
0%
Azerbaijan 240,300 Lankaran
0%
Lesotho 47,675 Leribe
0%
Bahamas 46,525 Lucaya
0%
Ecuador 198,123 Machala
0%
Bahrain 52,718 Madinat Hamad
0%
Lesotho 57,059 Mafeteng
0%
Madagascar 154,657 Mahajanga
0%
East Timor 22,000 Maliana
0%
Lesotho 32,117 Maputsoe
0%
DR Congo 485,167 Masina
0%
Eritrea 23,100 Massawa
0%
Central African Republic 67,132 Mbaiki
0%
DR Congo 874,761 Mbuja-Mayi
0%
El Salvador 160,317 Mejicanos
0%
Azerbaijan 95,453 Mingelchaur
0%
Guatemala 473,080 Mixco
0%
Gabon 30,151 Moanda
0%
Lesotho 28,310 Mohale's Hoek
0%
Comoros 23,594 Moutsamoudou
0%
Burundi 71,076 Muyinga
0%
Mozambique 388,526 Nampula
0%
Ethiopia 213,995 Nazret
0%
Angola 383,100 N'dalatando
0%
Guyana 35,039 New Amsterdam
0%
Burundi 21,506 Ngozi
0%
Burkina Faso 61,096 Ouahigouya
0%
Gabon 30,870 Oyem
0%
Benin 163,753 Parakou
0%
Kosovo 48,962 Peja
0%
Guatemala 141,455 Petapa
0%
Haiti 283,052 Petionville
0%
Haiti 250,000 Port-de-Paix
0%
Bhutan 21,500 Punakha
0%
Bangladesh 700,133 Rajshahi
0%
Lebanon 1,251,739 Ra's Bayrut
0%
Moldova 55,455 Ribnita
0%
Jordan 268,237 Russeifa
0%
Burundi 38,458 Ruyigi
0%
Kuwait 139,163 Sabah as Salim
0%
El Salvador 176,661 Santa Ana
0%
Botswana 53,727 Selebi-Phikwe
0%
Brunei 30,097 Seria
0%
Cambodia 156,691 Sihanoukville
0%
Mali 144,786 Sikasso
0%
Georgia 81,546 Sokhumi
0%
El Salvador 329,708 Soyapango
0%
East Timor 21,539 Suai
0%
Djibouti 22,193 Tadjourah
0%
Cambodia 843,931 Takeo
0%
Libya 210,697 Tarhuna
0%
Algeria 634,332 Tebessa
0%
Laos 85,000 Thakhek
0%
Madagascar 206,373 Toamasina
0%
Kyrgyzstan 63,047 Tokmok
0%
Mauritius 110,000 Vacoas
0%
Armenia 46,540 Vagharshapat
0%
Armenia 101,098 Vanadzor
0%
Jordan 181,212 Wadi as Sir
0%
Georgia 73,006 Zugdidi
0%
No matching quizzes found
Score Distribution
Percent of People with Each Score
Percentile by Number Answered
Your Score History
You have not taken this quiz since the last reset